[Event "VEN-ch (Women)"]
[Site "Bolivariana"]
[Date "2019.04.18"]
[Round "9"]
[White "Rivas Lugo, Omary Milena"]
[Black "Pena Gonzalez, Clara Isabel"]
[Result "0-1"]
[WhiteElo "1760"]
[BlackElo "1751"]
[PlyCount "86"]
[EventDate "2019.04.13"]
[EventType "tourn"]
[EventRounds "10"]
[EventCountry "VEN"]
[SourceTitle "CBM 190 Extra"]
[Source "ChessBase"]
[SourceDate "2019.07.15"]
[SourceVersion "1"]
[SourceVersionDate "2019.07.15"]
[SourceQuality "1"]

1. e4 c5 2. Nf3 Nc6 3. d4 cxd4 4. Nxd4 g6 5. Nc3 Bg7 6. Be3 Nf6 7. f3 0-0 8. Qd2 d5 9. 0-0-0 dxe4 10. fxe4 Ng4 11. Nxc6 Qxd2+ 12. Rxd2 bxc6 13. Bc5 Bh6 14. h3 Rd8 15. Bd3 Ne5 16. Kd1 Bxd2 17. Kxd2 Ba6 18. Bxe7 Rd7 19. Bf6 Bxd3 20. cxd3 Nxd3 21. Kc2 Rb8 22. b3 Nb4+ 23. Kc1 Rd6 24. Rf1 Re8 25. a3 Nd3+ 26. Kc2 Ree6 27. Bh4 Nc5 28. Re1 f6 29. Bg3 Rd3 30. Bf2 Rxc3+ 31. Kxc3 Nxe4+ 32. Kd4 f5 33. Bh4 g5 34. Bg3 Kf7 35. Bb8 c5+ 36. Kd3 Rb6 37. Bxa7 Rxb3+ 38. Kc4 Rxa3 39. Kd5 c4 40. Rg1 Ra5+ 41. Kd4 c3 42. g4 Nd2 43. Rh1 Rxa7 0-1

[Event "VEN-ch (Women)"]
[Site "Bolivariana"]
[Date "2019.04.16"]
[Round "5"]
[White "Rivas Lugo, Omary Milena"]
[Black "Guadalajara Barrios, Jacksilany"]
[Result "1-0"]
[WhiteElo "1760"]
[BlackElo "1546"]
[PlyCount "67"]
[EventDate "2019.04.13"]
[EventType "tourn"]
[EventRounds "10"]
[EventCountry "VEN"]
[SourceTitle "CBM 190 Extra"]
[Source "ChessBase"]
[SourceDate "2019.07.15"]
[SourceVersion "1"]
[SourceVersionDate "2019.07.15"]
[SourceQuality "1"]

1. e4 e5 2. Nf3 Nf6 3. d4 exd4 4. e5 Ne4 5. Qxd4 d5 6. exd6 Nxd6 7. Bg5 Nc6 8. Qe3+ Be7 9. Nc3 0-0 10. 0-0-0 Re8 11. Nd5 Be6 12. Nxe7+ Nxe7 13. Nd4 Nd5 14. Qd2 Ne4 15. Nxe6 fxe6 16. Bxd8 Nxd2 17. Rxd2 Raxd8 18. Bc4 Kf7 19. Rhd1 c6 20. Bb3 Ke7 21. Re1 Nf4 22. Rxd8 Rxd8 23. g3 Nd5 24. Re4 Rf8 25. f4 Rf5 26. c3 Kd6 27. Kd2 e5 28. Bc2 h6 29. Re2 Rh5 30. Bg6 Rh3 31. Bf5 Nxf4 32. gxf4 Rf3 33. fxe5+ Ke7 34. Bg4 1-0

[Event "Central America & Caribbean U18 Girls"]
[Site "Merida"]
[Date "2018.05.03"]
[Round "9"]
[White "Meza Ramos, Araysimar Jose"]
[Black "Rivas Lugo, Omary Milena"]
[Result "1/2-1/2"]
[WhiteElo "1210"]
[BlackElo "1724"]
[PlyCount "50"]
[EventDate "2018.04.28"]
[EventType "swiss"]
[EventRounds "9"]
[EventCountry "VEN"]
[SourceTitle "EXT 2021"]
[Source "ChessBase"]
[SourceDate "2020.10.23"]
[SourceVersion "1"]
[SourceVersionDate "2020.10.23"]
[SourceQuality "1"]

1. e4 e5 2. Nf3 Nc6 3. d4 exd4 4. Nxd4 Bc5 5. Nxc6 Qf6 6. Qf3 dxc6 7. Be2 Be6 8. Nc3 0-0-0 9. Qxf6 Nxf6 10. Bg5 Bd4 11. 0-0 Rd7 12. Bxf6 Bxf6 13. a3 c5 14. Rfd1 Rhd8 15. Rxd7 Rxd7 16. Rd1 Bxc3 17. bxc3 Rxd1+ 18. Bxd1 Bc4 19. Bg4+ Kd8 20. f4 c6 21. Kf2 Kc7 22. Be2 Bxe2 23. Kxe2 Kd6 24. c4 b5 25. Kd3 a5 1/2-1/2

[Event "Central America & Caribbean U18 Girls"]
[Site "Merida"]
[Date "2018.05.01"]
[Round "7"]
[White "Rivas Lugo, Omary Milena"]
[Black "Gonzalez Diaz, Penelope"]
[Result "0-1"]
[WhiteElo "1724"]
[BlackElo "1842"]
[PlyCount "86"]
[EventDate "2018.04.28"]
[EventType "swiss"]
[EventRounds "9"]
[EventCountry "VEN"]
[SourceTitle "EXT 2021"]
[Source "ChessBase"]
[SourceDate "2020.10.23"]
[SourceVersion "1"]
[SourceVersionDate "2020.10.23"]
[SourceQuality "1"]

1. e4 c5 2. Nf3 e6 3. d4 cxd4 4. Nxd4 a6 5. a3 Nf6 6. Nc3 Qc7 7. Be2 b5 8. f4 Bb7 9. Bf3 d6 10. 0-0 Be7 11. Be3 Nbd7 12. Nb3 0-0 13. Qd2 Nb6 14. Na5 Nfd7 15. Nxb7 Qxb7 16. Qf2 Nc4 17. Bd4 e5 18. Nd5 Bd8 19. Bc3 Ndb6 20. Qg3 Nxd5 21. exd5 Bb6+ 22. Kh1 f6 23. Rfe1 Qa7 24. Re2 Bd4 25. Qh3 f5 26. Rae1 Bxc3 27. bxc3 e4 28. Qg3 Qf7 29. Qg5 exf3 30. Re7 Qg6 31. Qxg6 hxg6 32. gxf3 Nxa3 33. Rd7 Rfd8 34. Rb7 Kh7 35. Rg1 Nc4 36. Rg3 Rf8 37. Rh3+ Kg8 38. Re7 Rf6 39. Rg3 Nb6 40. Rg1 Nxd5 41. Rd7 Nxf4 42. Re1 Rc8 43. Ree7 Nh5 0-1

[Event "Central America & Caribbean U18 Girls"]
[Site "Merida"]
[Date "2018.04.29"]
[Round "3"]
[White "Rivas Lugo, Omary Milena"]
[Black "Palacios Figueroa, Barbara del Valle"]
[Result "0-1"]
[WhiteElo "1724"]
[BlackElo "1724"]
[PlyCount "84"]
[EventDate "2018.04.28"]
[EventType "swiss"]
[EventRounds "9"]
[EventCountry "VEN"]
[SourceTitle "EXT 2021"]
[Source "ChessBase"]
[SourceDate "2020.10.23"]
[SourceVersion "1"]
[SourceVersionDate "2020.10.23"]
[SourceQuality "1"]

1. e4 e5 2. Nf3 Nf6 3. d4 Nxe4 4. Nxe5 d5 5. Bd3 Bd6 6. Qf3 Bxe5 7. dxe5 Nc5 8. Nc3 Be6 9. Qg3 g6 10. Bg5 Nxd3+ 11. Kd2 Qd7 12. Qxd3 Na6 13. Rad1 Nc5 14. Qe2 c6 15. Kc1 Qc7 16. Qe3 Nd7 17. Rhe1 Qb6 18. Qxb6 axb6 19. a3 h6 20. Be3 Ke7 21. h3 Kd8 22. g4 Kc7 23. f4 h5 24. Rg1 hxg4 25. hxg4 Rh4 26. g5 Rah8 27. Rd2 Bf5 28. b4 Rh3 29. Re1 b5 30. Kb2 Rf3 31. Rf2 Rfh3 32. a4 bxa4 33. Nxa4 Ra8 34. Nc3 b5 35. Rd2 Nf8 36. Bc5 Ne6 37. Bd6+ Kd7 38. Rf1 d4 39. Ne2 Rha3 40. Nxd4 Nxd4 41. Rxd4 Ra2+ 42. Kb3 R8a3# 0-1

[Event "Central America & Caribbean U18 Girls"]
[Site "Merida"]
[Date "2018.04.28"]
[Round "2"]
[White "Viveros Torres, Erica Johana"]
[Black "Rivas Lugo, Omary Milena"]
[Result "0-1"]
[WhiteElo "1870"]
[BlackElo "1724"]
[PlyCount "116"]
[EventDate "2018.04.28"]
[EventType "swiss"]
[EventRounds "9"]
[EventCountry "VEN"]
[SourceTitle "EXT 2021"]
[Source "ChessBase"]
[SourceDate "2020.10.23"]
[SourceVersion "1"]
[SourceVersionDate "2020.10.23"]
[SourceQuality "1"]

1. e4 e5 2. Nf3 Nc6 3. Bb5 a6 4. Ba4 Nf6 5. Qe2 b5 6. Bb3 Be7 7. c3 d6 8. d3 Na5 9. Bc2 c5 10. Nbd2 Nc6 11. 0-0 0-0 12. Rd1 Nh5 13. Nf1 Nf4 14. Bxf4 exf4 15. d4 Qc7 16. a4 Bg4 17. h3 Bxf3 18. gxf3 cxd4 19. cxd4 Bf6 20. e5 dxe5 21. Qe4 g6 22. dxe5 Nxe5 23. axb5 Rac8 24. Qxf4 Bg5 25. Qe4 axb5 26. f4 Qxc2 27. Qxe5 Bh4 28. Rd2 Qc6 29. Ra5 Rfe8 30. Qxb5 Qf3 31. Qd7 Qxf4 32. Ra4 Qf6 33. Qg4 Bg5 34. Rd5 Rc2 35. Qd4 Qxd4 36. Raxd4 Bf6 37. Rd2 Rxb2 38. Rxb2 Bxb2 39. Ne3 Bc1 40. Ng4 Kg7 41. Kg2 h5 42. Ne5 Re6 43. Nd3 Ba3 44. Nf4 Rf6 45. Ne2 Rd6 46. Rb5 Rd2 47. Ng3 Rb2 48. Ra5 Bd6 49. Rd5 Bxg3 50. Kxg3 Kf6 51. h4 Rb4 52. f3 Ke6 53. Ra5 Rd4 54. Rb5 Rd5 55. Rb7 f6 56. Rc7 Re5 57. Rc4 Rd5 58. Re4+ Re5 0-1

[Event "VEN-ch U16 Girls 3rd"]
[Site "San Antonio"]
[Date "2016.04.04"]
[Round "7.1"]
[White "Rivas Lugo, Omary Milena"]
[Black "Alvarez, Maria Claret"]
[Result "1/2-1/2"]
[WhiteElo "1792"]
[BlackElo "1808"]
[PlyCount "64"]
[EventDate "2016.04.01"]
[EventType "swiss"]
[EventRounds "7"]
[EventCountry "VEN"]
[SourceTitle "EXT 2022"]
[Source "ChessBase"]
[SourceDate "2021.10.06"]
[SourceVersion "1"]
[SourceVersionDate "2021.10.06"]
[SourceQuality "1"]

1. e4 c5 2. Nf3 d6 3. d4 cxd4 4. Nxd4 Nf6 5. Nc3 Nc6 6. Be2 e5 7. Nb3 Be7 8. Be3 a5 9. Bb5 0-0 10. f3 Be6 11. 0-0 d5 12. exd5 Nxd5 13. Nxd5 Qxd5 14. Qxd5 Bxd5 15. Rad1 Bxb3 16. axb3 Nd4 17. Bxd4 exd4 18. Rfe1 Bf6 19. Kf1 Rfd8 20. Bd3 Rac8 21. Ra1 b6 22. Ra4 Kf8 23. b4 Be7 24. bxa5 bxa5 25. Rc4 Rxc4 26. Bxc4 Rb8 27. b3 Bb4 28. Re4 Bc3 29. Kf2 Re8 30. Rxe8+ Kxe8 31. Ke2 Ke7 32. Kd3 f6 1/2-1/2

[Event "VEN-ch U16 Girls 3rd"]
[Site "San Antonio"]
[Date "2016.04.02"]
[Round "3.1"]
[White "Palacios Figueroa, Barbara del Valle"]
[Black "Rivas Lugo, Omary Milena"]
[Result "1/2-1/2"]
[WhiteElo "1784"]
[BlackElo "1792"]
[PlyCount "75"]
[EventDate "2016.04.01"]
[EventType "swiss"]
[EventRounds "7"]
[EventCountry "VEN"]
[SourceTitle "EXT 2022"]
[Source "ChessBase"]
[SourceDate "2021.10.06"]
[SourceVersion "1"]
[SourceVersionDate "2021.10.06"]
[SourceQuality "1"]

1. e4 e5 2. Nf3 Nc6 3. Bb5 a6 4. Ba4 Nf6 5. 0-0 b5 6. Bb3 Be7 7. Re1 d6 8. h3 Na5 9. d3 Nxb3 10. axb3 0-0 11. b4 h6 12. Nc3 Be6 13. Be3 Nh7 14. d4 exd4 15. Nxd4 Bd7 16. Qf3 Ng5 17. Qg3 Kh7 18. f4 Ne6 19. Nf5 Bf6 20. Bf2 g6 21. Ne3 Bc6 22. Ng4 Bg7 23. Rad1 h5 24. Ne5 Bb7 25. Rd3 Nxf4 26. Qxf4 Bxe5 27. Qd2 f5 28. exf5 Rxf5 29. b3 Qf6 30. Ne4 Bxe4 31. Rxe4 Rf8 32. Re2 h4 33. Qe3 Rf7 34. Rd1 Bf4 35. Qd4 Be5 36. Qe3 Bf4 37. Qd4 Be5 38. Qe3 1/2-1/2

[Event "VEN-ch U16 Girls 3rd"]
[Site "San Antonio"]
[Date "2016.04.02"]
[Round "4.2"]
[White "Rivas Lugo, Omary Milena"]
[Black "Moro Hernandez, Alba Maria"]
[Result "1-0"]
[WhiteElo "1792"]
[BlackElo "1539"]
[PlyCount "55"]
[EventDate "2016.04.01"]
[EventType "swiss"]
[EventRounds "7"]
[EventCountry "VEN"]
[SourceTitle "EXT 2022"]
[Source "ChessBase"]
[SourceDate "2021.10.06"]
[SourceVersion "1"]
[SourceVersionDate "2021.10.06"]
[SourceQuality "1"]

1. e4 c6 2. d4 d5 3. Nc3 dxe4 4. Nxe4 Bf5 5. Ng3 Bg6 6. Nf3 Nd7 7. h4 h6 8. h5 Bh7 9. Bd3 Bxd3 10. Qxd3 Ngf6 11. c4 e6 12. Qe2 Qa5+ 13. Bd2 Bb4 14. a3 Bxd2+ 15. Nxd2 0-0 16. b4 Qc7 17. 0-0 e5 18. dxe5 Nxe5 19. f4 Neg4 20. Nde4 Rfe8 21. Nxf6+ Nxf6 22. Qf3 a5 23. c5 axb4 24. axb4 Rxa1 25. Rxa1 Nd5 26. Rf1 Nxb4 27. Nf5 Kh7 28. Qc3 1-0

[Event "Pan American-ch U14 Girls"]
[Site "Cali"]
[Date "2015.06.30"]
[Round "4"]
[White "Ortiz Verdesoto, Anahi Eduarda"]
[Black "Rivas Lugo, Omary Milena"]
[Result "1-0"]
[WhiteElo "1660"]
[BlackElo "1683"]
[PlyCount "73"]
[EventDate "2015.06.28"]
[EventType "swiss"]
[EventRounds "9"]
[EventCountry "COL"]
[SourceTitle "EXT 2016"]
[Source "ChessBase"]
[SourceDate "2015.10.08"]
[SourceVersion "1"]
[SourceVersionDate "2015.10.08"]
[SourceQuality "1"]

1. e4 e5 2. Nf3 Nc6 3. d4 exd4 4. Nxd4 Bc5 5. Nb3 Bb6 6. Nc3 Nf6 7. Qe2 d6 8. Be3 Bxe3 9. Qxe3 Be6 10. 0-0-0 Qe7 11. f3 0-0-0 12. Bb5 Bxb3 13. axb3 Kb8 14. Bxc6 bxc6 15. Qd4 Rhe8 16. Qc4 Kb7 17. Qb4+ Ka8 18. Qa4 Qd7 19. Rhe1 Re5 20. f4 Rc5 21. e5 Nd5 22. Ne4 Rb5 23. c4 Rb4 24. Qa5 Qf5 25. Nxd6 Qxf4+ 26. Kb1 Nc3+ 27. bxc3 Rxb3+ 28. Ka2 Rdb8 29. Ne4 Rb2+ 30. Ka1 Qxh2 31. Qa4 R2b6 32. c5 Rb5 33. Qa6 Qxg2 34. Qxc6+ R5b7 35. Rd2 Qg4 36. Ra2 Qh4 37. Rxa7+ 1-0